Droit administratif

Guardat en:
Dades bibliogràfiques
Autor principal: Rivero, Jean (Autor)
Format: Llibre
Idioma:francès
Publicat: París Dalloz 1970
Edició:4a. ed
Matèries:
Etiquetes: Afegir etiqueta
Sense etiquetes, Sigues el primer a etiquetar aquest registre!

MARC

LEADER 00000nam a2200000 a 4500
001 UCS4998
003 CL-VaPUC
008 970822e19700000FR |||||||||||||||||fre|d
082 0 4 |a 342.44  |b RIV  |2 21 
100 0 |a Rivero, Jean  |e author  |9 390901 
245 1 0 |a Droit administratif 
250 |a 4a. ed 
300 |a 482 p 
942 |c BK 
945 |d 19970822 00:00:00  |a lriquelm 
260 |a París  |b Dalloz  |c 1970 
650 0 |a Derecho administrativo  |9 254851 
650 0 |a Historia  |9 255047 
650 0 |a Evolución  |9 259442 
650 0 |a Actos administrativos   |9 256128 
650 7 |a LEGALIDAD ADMINISTRATIVA  |2 CL-VaPUC  |9 390902 
650 0 |a Contratos administrativos  |9 256130 
650 7 |a JURISDICCION ADMINISTRATIVA  |2 CL-VaPUC  |9 390903 
650 0 |a Responsabilidad administrativa  |9 256129 
650 0 |a Administración pública   |9 255343 
650 0 |a Administración interior del Estado  |9 383654 
650 7 |a ORGANIZACION ADMINISTRATIVA  |2 CL-VaPUC  |9 257438 
650 0 |a Descentralización administrativa (administración descentralizada)  |9 255464 
651 0 |a Francia  |9 255157 
583 |a last modification  |c 19970822 00:00:00  |k Rodrigo Vera 
999 |c 261752  |d 261750 
952 |0 0  |1 0  |4 0  |6 342_440000000000000_RIV_1970  |7 0  |8 A  |9 289524  |a BIBDER  |b BIBDER  |d 2019-11-19  |i 1875493  |o 342.44 RIV 1970  |p 1875493  |r 2023-01-25  |w 2019-11-19  |y BK  |k DER